Normal view MARC view
  • C.E.Weatherburn

Entry Personal Name

Number of records used in: 3

001 - CONTROL NUMBER

  • control field: 102677

003 - CONTROL NUMBER IDENTIFIER

  • control field: NUST

005 - DATE AND TIME OF LATEST TRANSACTION

  • control field: 20221116124611.0

008 - FIXED-LENGTH DATA ELEMENTS

  • fixed length control field: 221116|| aca||aabn | a|a d

040 ## - CATALOGING SOURCE

  • Original cataloging agency: NUST
  • Transcribing agency: NUST

100 ## - HEADING--PERSONAL NAME

  • Personal name: C.E.Weatherburn

670 ## - SOURCE DATA FOUND

  • Source citation: Work cat.: (NUST)189095: C.E.Weatherburn, Elementary Vector Analysis / , 1969
© 2023 Central Library, National University of Sciences and Technology. All Rights Reserved.